Active learning & engagement strategies (Record no. 25469)

MARC details
000 -LEADER
fixed length control field 00573nam a22001817a 4500
003 - CONTROL NUMBER IDENTIFIER
control field OSt
005 - DATE AND TIME OF LATEST TRANSACTION
control field 20260629154507.0
008 - FIXED-LENGTH DATA ELEMENTS--GENERAL INFORMATION
fixed length control field 260629b |||||||| |||| 00| 0 eng d
020 ## - INTERNATIONAL STANDARD BOOK NUMBER
International Standard Book Number 978-0-9830756-4-6
040 ## - CATALOGING SOURCE
Transcribing agency Chuka University
050 ## - LIBRARY OF CONGRESS CALL NUMBER
Classification number P 51
Item number .R 88 2012
100 ## - MAIN ENTRY--PERSONAL NAME
Personal name Paula Rutherford
9 (RLIN) 31727
245 ## - TITLE STATEMENT
Title Active learning & engagement strategies
260 ## - PUBLICATION, DISTRIBUTION, ETC.
Place of publication, distribution, etc. Alexandria
Name of publisher, distributor, etc. Just Ask publications amd profesional development
Date of publication, distribution, etc. 2012
300 ## - PHYSICAL DESCRIPTION
Extent 161p.
Other physical details Colred illustrations
650 ## - SUBJECT ADDED ENTRY--TOPICAL TERM
Topical term or geographic name entry element Language and languages--- study and teaching
9 (RLIN) 8948
942 ## - ADDED ENTRY ELEMENTS (KOHA)
Source of classification or shelving scheme Library of Congress Classification
Koha item type Short Loan Books
Suppress in OPAC No
Holdings
Withdrawn status Lost status Source of classification or shelving scheme Damaged status Not for loan Collection Home library Current library Shelving location Date acquired Source of acquisition Total Checkouts Full call number Barcode Date last seen Price effective from Koha item type
    Library of Congress Classification     General Collection Books Main Campus Library Main Campus Library General Stacks 29/06/2026 Donations From Books For Africa   P 51. R88 2012 36286/2026 29/06/2026 29/06/2026 Short Loan Books

Powered by Koha